00553nam a22002057a 450000500170000001000130001702000220003003500130005203700160006504000120008108200160009310000230010924500440013226000440017627000470022030000220026750000190028965000160030865000230032420170124110239.0 aB-061242 a812031736c175.00 aB-061242 bCen Lib/Ret aDPLbEN a512.02bCHA aChatterjee, Dipak  aAbstract algebra /cby Dipak Chatterjee aNew DelhibPrentice Hall of Indiac2001 aM-97, Connaught Circus bNew Delhie110001 av,335p.c21cm(Hb) aIncludes index aMATHEMATICS aAlgebraic topology